Transformers Toys Quiz Stats

Quiz Updated Nov 16, 2015

Also try: Toys: Close Up
Challenge
Share
Tweet
Score 0/36 Timer 08:00
2 Plays Today
Number Name % Correct
1Optimus Prime
96.4%
3Bumblebee
95.6%
2Megatron
89.9%
6Starscream
84.9%
4Soundwave
74.6%
9Jazz
72.5%
5Hot Rod
62.8%
36Grimlock
61.8%
13Ironhide
61.4%
31Shockwave
59.7%
18Ratchet
57.7%
8Ultra Magnus
55.3%
7Devastator
54.9%
28Laserbeak
49.8%
14Prowl
49.7%
35Galvatron
47.8%
34Rodimus Prime
46.8%
12Rumble
45.1%
Number Name % Correct
32Omega Supreme
44.9%
33Blurr
44.5%
25JetFire
44.4%
20Perceptor
42.4%
27Mirage
42.1%
10Brawl
37.6%
29Brawn
37.6%
23Astrotrain
37.5%
22Inferno
36.4%
15Predaking
34.4%
21Trypticon
33.8%
19Ramjet
32.3%
24Bonecrusher
27.5%
17Shrapnel
27.3%
30Ramhorn
23.1%
11Whirl
20.9%
16Broadside
18.2%
26Venom
15%

You're not logged in!

Compare scores with friends on all Sporcle quizzes.
Join for Free
OR
Log In

You Might Also Like...

Show Comments

Extras

Top Quizzes Today


Score Distribution

Your Account Isn't Verified!

In order to create a playlist on Sporcle, you need to verify the email address you used during registration. Go to your Sporcle Settings to finish the process.

Report this User

Report this user for behavior that violates our Community Guidelines.

Details: